| 000 | 00598nam a2200205 4500 | ||
|---|---|---|---|
| 999 |
_c2884 _d2884 |
||
| 001 | 2884 | ||
| 003 | BD-JhCC | ||
| 005 | 20190219134006.0 | ||
| 008 | 171107b1985 bg ||||| |||| 00| 0 ben d | ||
| 035 | _a(BD-JhCC) | ||
| 040 |
_aBD-JhCC _dBD-JhCC |
||
| 041 | _aben | ||
| 082 |
_a891.443 _bMOJ 1985 |
||
| 100 | _aমজুমদার, সমরেশ | ||
| 245 |
_aকালপুরুষ / _cসমরেশ মজুমদার |
||
| 260 |
_aঢাকা: _bআনন্দ ; _c১৯৮৫ |
||
| 300 |
_a৪৩১ পৃ.; _c২২ সেমি |
||
| 650 | _aBengali novel | ||
| 942 |
_2ddc _cBK _01 |
||